Vấn đề con người và chủ nghĩa " lý luận không có con người "

Сохранить в:
Библиографические подробности
Главный автор: Trần Đức Thảo
Формат:
Язык:Undetermined
Опубликовано: Tp. HCM Nxb. Tp. HCM 2000
Предметы:
Метки: Добавить метку
Нет меток, Требуется 1-ая метка записи!
Thư viện lưu trữ: Trung tâm Học liệu Trường Đại học Cần Thơ
LEADER 00542nam a2200169Ia 4500
001 CTU_41646
008 210402s9999 xx 000 0 und d
082 |a 144 
082 |b Th108 
100 |a Trần Đức Thảo 
245 0 |a Vấn đề con người và chủ nghĩa " lý luận không có con người " 
245 0 |c Trần Đức Thảo 
260 |a Tp. HCM 
260 |b Nxb. Tp. HCM 
260 |c 2000 
650 |a antihumanism,human philosophy 
980 |a Trung tâm Học liệu Trường Đại học Cần Thơ